| Поле | Название | Значение |
| |
Тип записи |
a |
| |
Библиографический уровень |
m |
| 001 |
Контрольный номер |
339ffec00ae347c0b342a5f76e72ac9e |
| 005 |
Дата корректировки |
20140506155417.7 |
| 200 |
Заглавие и сведения об ответственности |
__ |
| a |
Заглавие |
Статистика финансов |
| e |
Сведения, относящиеся к заглавию |
учебник |
| f |
Первые сведения об ответственности |
под ред. В. Н. Салина |
| 210 |
Выходные данные |
__ |
| a |
Место издания |
М. |
| c |
Издательство |
Финансы и статистика |
| d |
Дата издания |
2000 |
| 215 |
Физическое описание |
__ |
| a |
Объем |
816 с. |
| c |
Иллюстрации/тип воспроизводства |
ил. |
| 330 |
Аннотация |
__ |
| a |
Аннотация |
В учебнике рассматривается современная организация статистики финансов; статистика госуд. финасов и финансов во внефинансовом секторе экономики, финансовых инситутов. Изложены основы фин.-экономических расчетов. Одно издание находится на кафедре экономики и предпринимательства. |
| 606 |
Тематические рубрики |
__ |
| a |
Основная рубрика |
Экономика. Экономические науки |
| 610 |
Ключевые слова |
__ |
| a |
Ключевые слова |
Национальные счета; баланс; актив; пассив; система национальных счетов; биржевая статистика; статистика страхования; статистика ценных бумаг |
| 686 |
Индексы других классификаций |
__ |
| a |
Классификационный индекс |
65.051.526 |
| 2 |
Код системы |
rubbk |
| 701 |
Альтернативная интеллектуальная ответственность |
__ |
| a |
Фамилия |
Салин |
| b |
Имя |
В. Н., ред. |
| 899 |
Данные о местонахождении |
__ |
| j |
Расстановочный фильтр |
65.051.526 |
| c |
Местонахождение стеллажа (устаревшее) |
65.051.526 |
| i |
Авторский знак |
С 78 |
| 938 |
Служебная информация |
__ |
| a |
Название организации |
Волгоградский филиал |
| b |
Имя БД |
Каталог_ВКИ |
| c |
Название АИБС |
АИБС МАРК-SQL |